|
|
|
|
| LEADER |
00000nam a2200000 a 4500 |
| 001 |
vtls011543275 |
| 003 |
SK-MaSNL |
| 005 |
20260301091940.0 |
| 008 |
181130s2015 xo oa g n 000 0 slo |
| 015 |
|
|
|a SNBA2016/04
|
| 020 |
|
|
|a 9788097218195
|q (brožované)
|
| 035 |
|
|
|a urn:nbn:sk:snk-am00be6m
|
| 035 |
|
|
|a urn:nbn:sk:snk-am3h9no
|
| 035 |
|
|
|a 08FE540F-6FBD-4FF0-BB55-165F07650150
|
| 040 |
|
|
|a SNK
|b slo
|c SNK
|e AACR2
|
| 041 |
0 |
|
|a slo
|
| 043 |
|
|
|a e-xo---
|
| 044 |
|
|
|a xo
|c SK
|
| 072 |
|
7 |
|a 94(437)
|x Dejiny Československa
|2 konspekt
|
| 072 |
|
7 |
|a 94(437.6)
|x Dejiny Slovenskej republiky
|2 konspekt
|
| 080 |
|
|
|a 930-027.541
|2 2011
|
| 080 |
|
|
|a 94(437.6)
|2 2011
|
| 080 |
|
|
|a (048.8)
|2 2011
|
| 245 |
0 |
0 |
|a Vráble :
|b príspevky k histórii mesta /
|c Jozef Bátora ... [et al.] ; [zostavil: Ján Valach]
|
| 260 |
|
|
|a Vráble :
|b Mestský úrad,
|c 2015
|
| 300 |
|
|
|a 174 s. :
|b fotogr., ilustr. ;
|c 21 cm
|
| 500 |
|
|
|a Názov z obalu
|
| 504 |
|
|
|a Bibliogr. odkazy ; pozn.
|
| 650 |
0 |
7 |
|a regionálna historiografia
|2 SNKPH
|9 68188
|
| 650 |
0 |
7 |
|a Regional historiography
|2 SNKPHeng
|9 275826
|
| 650 |
0 |
7 |
|a dejiny miest
|2 SNKPH
|9 164833
|
| 650 |
0 |
7 |
|a History
|2 SNKPHeng
|9 265139
|
| 651 |
|
7 |
|a Vráble (Slovensko)
|2 SNKNB
|9 16421
|
| 651 |
|
7 |
|a Vráble (Slovakia)
|2 SNKPHeng
|9 328680
|
| 700 |
1 |
|
|a Valach, Ján
|4 com
|9 279204
|
| 700 |
1 |
|
|a Bátora, Jozef,
|d 1950-
|4 aut
|9 104666
|
| 919 |
|
|
|a 978-80-972181-9-5
|
| 958 |
|
|
|a NB
|
| 999 |
|
|
|c 672621
|d 674551
|
| 952 |
|
|
|a SNK
|b SNK
|y PREZ
|7 0
|p 17A1184037
|o snkSC 169011
|i snk2016/8623
|8 0
|0 0
|1 0
|4 0
|d 2016-04-04
|f 1
|l 0
|r 2026-02-23 19:31:35
|w 2026-02-23
|
| 952 |
|
|
|a SNK
|b SNK
|y VYP
|7 0
|p 17A1184038
|o snkSC 169011 D1
|i snk2016/8624
|8 0
|0 0
|1 0
|4 0
|d 2016-04-04
|l 0
|r 2026-02-23 19:31:35
|w 2026-02-23
|